| Tag |
First Indicator |
Second Indicator |
Subfields |
| LEADER |
00000cam a2200000 a 4500 |
| 001 |
in00002651213 |
| 006 |
m d |
| 007 |
cr cn||||||||| |
| 008 |
100809s2011 cau o 001 p eng d |
| 005 |
20250816205636.4 |
| 010 |
|
|
|z 2010032585
|
| 020 |
|
|
|z 9780520262874 (cloth : alk. paper)
|
| 020 |
|
|
|z 9780520947337 (e-book)
|
| 035 |
|
|
|a (CaPaEBR)ebr10432602
|
| 035 |
|
|
|a (OCoLC)698589540
|
| 040 |
|
|
|a CaPaEBR
|c CaPaEBR
|d UtOrBLW
|
| 050 |
1 |
4 |
|a PS3563.A262
|b O38 2011eb
|
| 082 |
0 |
4 |
|a 811/.54
|2 22
|
| 100 |
1 |
|
|a McClure, Michael.
|
| 245 |
1 |
0 |
|a Of indigo and saffron :
|b new and selected poems /
|c Michael McClure ; edited and with an introduction by Leslie Scalapino.
|
| 264 |
|
1 |
|a Berkeley, Calif. :
|b University of California Press,
|c [2011]
|
| 264 |
|
4 |
|c ©2011
|
| 300 |
|
|
|a xv, 319 pages
|
| 336 |
|
|
|a text
|b txt
|2 rdacontent
|
| 337 |
|
|
|a computer
|b c
|2 rdamedia
|
| 338 |
|
|
|a online resource
|b cr
|2 rdacarrier
|
| 500 |
|
|
|a Includes index.
|
| 533 |
|
|
|a Electronic reproduction.
|b Palo Alto, Calif. :
|c ebrary,
|d 2011.
|n Available via World Wide Web.
|n Access may be limited to ebrary affiliated libraries.
|
| 500 |
|
|
|a Electronic resource.
|
| 650 |
|
0 |
|a American poetry.
|
| 655 |
|
7 |
|a Electronic books.
|2 local
|
| 700 |
1 |
|
|a Scalapino, Leslie.
|
| 710 |
2 |
|
|a ebrary, Inc.
|
| 856 |
4 |
0 |
|u https://ebookcentral.proquest.com/lib/tamucs/detail.action?docID=613130
|y Connect to the full text of this electronic book
|t 0
|
| 980 |
|
|
|a 110222
|b 34.95
|c USD
|e 52.43
|f YBP_EBR0000013001
|g 1
|
| 999 |
f |
f |
|s e016865c-0fb4-337d-a56e-38f4178f5416
|i ce8d1afe-457e-3954-8525-6a83fc94f926
|t 0
|
| 999 |
|
|
|a MARS
|
| 952 |
f |
f |
|a Texas A&M University
|b College Station
|c Electronic Resources
|d Available Online
|t 0
|e PS3563.A262 O38 2011eb
|h Library of Congress classification
|
| 998 |
f |
f |
|a PS3563.A262 O38 2011eb
|t 0
|l Available Online
|